banner koha

Qualidade microbiológica e físico-química do leite integral pasteurizado pelo processo lento, em propriedades rurais do Estado de Goiás (Registro n. 192113)

MARC details
000 -LÍDER
campo de controle de tamanho fixo 00955nas a2200277 4500
001 - NÚMERO DE CONTROLE
campo de controle BR0707224
003 - IDENTIFICADOR DO NÚMERO DE CONTROLE
campo de controle BR-BrBNA
005 - DATA E HORÁRIO DA ÚLTIMA TRANSAÇÃO
campo de controle 20231205111332.0
007 - CAMPO FIXO DE DESCRIÇÃO FÍSICA--INFORMAÇÃO GERAL
campo de controle de tamanho fixo ta
008 - CAMPO DE DADOS FIXOS--INFORMAÇÃO GERAL
campo de controle de tamanho fixo 230509b bl.|||p| |||| 00| 00por d
040 ## - FONTE DA CATALOGAÇÃO
Instituição da catalogação original BR-BrBNA
Idioma da catalogação por
Instituição que transcreveu o registro Biblioteca Nacional de Agricultura
041 ## - CÓDIGO DE IDIOMA
Código do idioma do texto/trilha sonora ou título diferente (Pt)
072 ## - CÓDIGO DE CATEGORIA DE ASSUNTO
Código de Categoria de Assunto Q02; Q03; Q04
100 1# - ENTRADA PRINCIPAL--NOME PESSOAL
Nome pessoal Mesquita, A.J.
100 1# - ENTRADA PRINCIPAL--NOME PESSOAL
Nome pessoal Oliveira, A.N.
100 1# - ENTRADA PRINCIPAL--NOME PESSOAL
Nome pessoal Nicolau, E.S.
100 1# - ENTRADA PRINCIPAL--NOME PESSOAL
Nome pessoal Nunes, I.A.
100 1# - ENTRADA PRINCIPAL--NOME PESSOAL
Nome pessoal Lage, M.E.
245 1# - TÍTULO
Título Qualidade microbiológica e físico-química do leite integral pasteurizado pelo processo lento, em propriedades rurais do Estado de Goiás
650 ## - ASSUNTO--TERMO TÓPICO
Cabeçalho tópico ou nome geográfico LEITE PASTEURIZADO
650 ## - ASSUNTO--TERMO TÓPICO
Cabeçalho tópico ou nome geográfico MICROBIOLOGIA DE ALIMENTO
650 ## - ASSUNTO--TERMO TÓPICO
Cabeçalho tópico ou nome geográfico GOIAS
773 0# - ENTRADA ANALÍTICA
Título Anais das Escolas de Agronomia e Veterinária - Universidade Federal de Goiás (Brazil)
ISSN - International Standard Serial Number ISSN 0100-218X
Partes relacionadas (Jan-Jun 1996), v. 26(1) p. 79-87
Número de controle do registro BR0707224
909 ## -
-- 202311
-- Lúcia
-- 55
-- Lúcia Elande
942 ## - ELEMENTOS DE ENTRADA ADICIONADOS (KOHA)
Fonte da classificação ou esquema de arquivamento na estante Classificação AGRIS
Ocultar no OPAC Não
Tipo de material Koha Analítica
Exemplares
Situação do descarte Fonte da classificação ou esquema de arquivamento na estante Situação física Não pode ser emprestado Biblioteca de origem Biblioteca atual Localização na estante Enumeração do periódico / cronologia Total de empréstimos Data de último acesso Número do exemplar Tipo de material Koha Fonte de aquisição
  Classificação AGRIS   Consulta local Biblioteca Nacional de Agricultura - Binagri Biblioteca Nacional de Agricultura - Binagri   (Jan-Jun 1996), v. 26(1) p. 79-87   29/11/2023 01 Periódicos Portaria Interministerial nº 164/94

BINAGRI

Telefone: (61)3218-2567/2388/3357/2097 - binagri@agro.gov.br

Ministério da Agricultura e Pecuária , Esplanada dos Ministérios, Bloco D, Anexo B, Brasília/DF, CEP: 70.043-900